000 00890nas a2200289 4500
001 BR2015005714
003 BR-BrBNA
005 20231205125801.0
007 ta
008 230509b bl.|||p| |||| 00| 00por d
040 _aBR-BrBNA
_bpor
_cBiblioteca Nacional de Agricultura
041 _a(En)
072 _aQ02; F30; D50
100 1 _aMadeira, R.A.V.
100 1 _aFernandes, A.F.
100 1 _aReis, W.P.
100 1 _aCarvalho, C.W.P. de
100 1 _aPereira, J.
245 1 _aTechnological characterization and classification of wheat lineages cultivated in the cerrado mineiro
650 _aTRIGO
650 _aLINHAGEM
650 _aFARINHA DE TRIGO
650 _aLEGISLAÇÃO
773 0 _tCiência e Agrotecnologia (Brazil)
_xISSN 1413-7054
_g(May-Jun 2015), v. 39(3) p. 283-290
_wBR2015005714
909 _a202311
_bLúcia
_c55
_dLúcia Elande
942 _2AGRIS
_n0
_cANA
999 _c246119
_d246119